000
00365nam a2200157Ia 4500
008
151213s9999 xx 000 0 und d
100
_a
Bernard Show
245
_a
Play Pleasanter
_c
Bernard Show
250
_a
1st
260
_a
London
_b
Penguing Boods
_c
1893
300
_a
4559 p.
650
_a
English
650
_a
Play
700
_a
Bernard Show
999
_c
2933
_d
2933